Statistiken für Top 15 der betroffenen Covid-19-Länder - 17. Dezember

Klicken Sie hier um das Quiz zu spielen!

Allgemein

  • Dieses Quiz wurde 22 mal gespielt
  • Das Durchschnittsergebnis liegt bei 15 aus 28

Antwortstatistiken

Land% Korrekt
Deutschland
100%
Frankreich
100%
Vereinigte Staaten
100%
Italien
91%
Brasilien
86%
Indien
86%
Spanien
86%
Russland
77%
Vereinigtes Königreich
73%
Polen
68%
Niederlande
64%
Argentinien
59%
Belgien
59%
Mexiko
59%
Iran
55%
Schweiz
45%
Türkei
45%
Kolumbien
36%
Tschechien
36%
Israel
23%
Kroatien
23%
Armenien
18%
Slowenien
18%
Litauen
14%
Bahrain
9%
Katar
9%
Panama
9%
Georgien
5%

Verteilung der Resultate

Perzentil nach korrekt beantworteten Fragen

Anzahl Personen mit jedem Resultat

Ihre Resultats-Entwicklung

Sie haben dieses Quiz noch nicht gespielt